| 000 | 00810nam a2200241 a 4500 | ||
|---|---|---|---|
| 001 | 000024675 | ||
| 005 | 20200930023314.0 | ||
| 008 | 110202s1969 sp ad r 000 0 spa d | ||
| 040 |
_aDO-SdBNP _bspa _cBNPHU |
||
| 082 |
_axxxxx _bM612g |
||
| 100 | 1 |
_aMeyer, J. _950595 |
|
| 245 | 1 | 0 |
_aGestión presupuestaria / _cJ. Meyer ; traducción Pablo Gil Castro ; prefacio Jean Poly. |
| 260 |
_aBilbao, España : _bDeusto, _c1969. |
||
| 300 |
_a271 p. : _bil, diagrs. ; _c21 cm. |
||
| 490 | 1 | _aGestión | |
| 500 | _aIncluye bibliografía p. [269-271]. | ||
| 500 | _aIncluye notas al pie de las páginas. | ||
| 534 |
_pTítulo original en francés: _tGestion budgétaire, _cParís : Dunod |
||
| 700 | 1 |
_aGil Castro, Pablo, _etr. _950596 |
|
| 700 | 1 |
_aPoly, Jean _950597 |
|
| 830 | 0 |
_aGestión _950598 |
|
| 049 | _aBNGR | ||
| 999 |
_c24168 _d24168 |
||